| 000 | 00652nam a22001937a 4500 | ||
|---|---|---|---|
| 005 | 20150515171623.0 | ||
| 010 | _aENG-112684 | ||
| 020 |
_c115.00 _a9788123763316 |
||
| 035 | _aEN-96216 | ||
| 037 | _bDBAD/PUB | ||
| 082 | _aS | ||
| 100 | _a Goswami, Dinesh Chandra | ||
| 245 | 0 | 0 |
_aThe hair timer : _cby Dinesh Chandra Goswami ; translated by Amrit Jyoti Mahanta _ban anthology of science fiction stories / |
| 260 |
_aNew Delhi _bNational Book Trust _c2011 |
||
| 270 |
_aNehru Bhawan, 5 Institutional Area, Phase-ll Vasant Kunj _bNew Delhi _e110070 |
||
| 300 |
_axxi,237p. _c22cm(pbk) |
||
| 700 | _aMahanta, Amrit Jyoti | ||
| 942 |
_2ddc _cEN _mGOS _hS |
||
| 999 |
_c92926 _d92926 |
||